Ricostruisci la Carriera del Calciatore - Stefano Sorrentino - Statistics

Statistiche generali
  • Questo quiz è stato fatto 6 volte
  • Il punteggio medio è 2 su 9
Statistiche sulle risposte
Hint Risposta % Corretto
2016-2019 Chievo
67%
2008-2013 Chievo
33%
1999-2000 Juve Stabia
33%
2001-2005 Torino
33%
2005-2007 AEK Atene
0%
2013-2016 Palermo
0%
2007-2008 Recreativo Huelva
0%
1998-1999 Torino
0%
2000-2001 Varese
0%
Nessun quiz corrispondente trovato
Distribuzione punteggi
Percentuale di utenti per punteggio
Percentile per numero di risposta
I tuoi punteggi nel tempo
Non hai fatto questo quiz